<?xml version="1.0" encoding="UTF-8"?>
<marc:record xmlns:marc="http://www.loc.gov/MARC21/slim">
   <marc:leader>00000nam a2200000 a 4500</marc:leader>
   <marc:datafield ind1=" " ind2=" " tag="653">
      <marc:subfield code="a">Meer</marc:subfield>
   </marc:datafield>
   <marc:datafield ind1=" " ind2=" " tag="653">
      <marc:subfield code="a">Piraten...</marc:subfield>
   </marc:datafield>
   <marc:datafield ind1="0" ind2="0" tag="245">
      <marc:subfield code="a">Captain Phillips</marc:subfield>
   </marc:datafield>
   <marc:datafield ind1="0" ind2="0" tag="245">
      <marc:subfield code="b">Basierend auf einer wahren Geschichte</marc:subfield>
   </marc:datafield>
   <marc:datafield ind1=" " ind2="1" tag="264">
      <marc:subfield code="a">München</marc:subfield>
      <marc:subfield code="c">2013</marc:subfield>
   </marc:datafield>
   <marc:datafield ind1="1" ind2=" " tag="520">
      <marc:subfield code="a">Der zweifache Oscarpreisträger Tom Hanks spielt in Captain Phillips einen Kapitän, dessen Containerschiff von somalischen Piraten gekapert wird - doch aus der Entführung wird ein blutiges Kräftespiel.Captain Richard Phillips (Tom Hanks) muss als Kapitän des Containerschiffs MV Mærsk Alabama den Albtraum aller Seefahrer durchleiden, als er gemeinsam mit seiner Crew 2009 in die Gewalt somalischer Piraten gerät. Um seine Crew zu schützen, bietet er sich den Piraten als Geisel an. Gleichzeitig gelingt es Mitgliedern seiner Crew das Schiff maneuvrierunfähig zu machen und sich vor den Piraten zu verstecken. Als die Erstürmung des dahintreibenden Schiffes durch Spezialeinheiten droht, entsteht eine Pattsituation, die jederzeit in einem Blutbad münden kann. Captain Philips muss versuchen, gemeinsam mit dem somalischen Piraten-Anführer Muse (Barkhad Abdi) einen Ausweg zu finden, der die Sicherheit seiner Männer ermöglicht. Dabei sind sie jedoch Kräften ausgeliefert, die jenseits ihres Einflusses liegen.</marc:subfield>
   </marc:datafield>
   <marc:datafield ind1="3" ind2=" " tag="024">
      <marc:subfield code="a">4030521730090</marc:subfield>
   </marc:datafield>
   <marc:datafield ind1=" " ind2=" " tag="041">
      <marc:subfield code="a">ger</marc:subfield>
   </marc:datafield>
   <marc:datafield ind1="1" ind2=" " tag="521">
      <marc:subfield code="a">12</marc:subfield>
   </marc:datafield>
   <marc:datafield ind1=" " ind2=" " tag="306">
      <marc:subfield code="a">02:09:00</marc:subfield>
   </marc:datafield>
</marc:record>
